000 00838nam a2200241 a 4500
001 000025589
005 20200930023910.0
008 101013s1982 dr 000 0 spa d
040 _aDO-SdBNP
_bspa
_cBNPHU
082 _a280.4097293
_bL817p, 1982
100 1 _aLockward, George A.
_946479
245 1 3 _aEl protestantismo en dominicana /
_cGeorge A. Lockward.
250 _a2a ed.
260 _aSanto Domingo :
_bEditora Educativa Dominicana,
_c1982.
300 _a462 p. ;
_c21 cm.
490 1 _aHistoria
_v3
504 _aIncluye bibliografía y notas al pie de páginas.
590 _aInventariado, 2018/ YL
650 4 _aIglesias protestantes
_zRepública Dominicana
_952268
651 4 _aRepública Dominicanaiglesias
_xHistoria Eclesiástica
_952269
830 0 _aHistoria
_v3
_92122
910 _aValidado. Control de calidad MFF
999 _c25081
_d25081